Cars 2: (Record no. 1047)

MARC details
000 -LEADER
fixed length control field 00499 a2200205 4500
001 - CONTROL NUMBER
control field sjds
003 - CONTROL NUMBER IDENTIFIER
control field sjds
005 - DATE AND TIME OF LATEST TRANSACTION
control field 20240423151020.0
008 - FIXED-LENGTH DATA ELEMENTS--GENERAL INFORMATION
fixed length control field 240423b |||||||| |||| 00| 0 spa d
020 ## - INTERNATIONAL STANDARD BOOK NUMBER
International Standard Book Number 9788499511511
020 ## - INTERNATIONAL STANDARD BOOK NUMBER
International Standard Book Number 8499511511
040 ## - CATALOGING SOURCE
Transcribing agency sjds
041 ## - LANGUAGE CODE
Language code of text/sound track or separate title spa
100 1# - MAIN ENTRY--PERSONAL NAME
Personal name Trimble, Irene
245 ## - TITLE STATEMENT
Title Cars 2:
Remainder of title la novela /
Statement of responsibility, etc. Disney, Pixar ; adaptada por Irene Trimble
260 ## - PUBLICATION, DISTRIBUTION, ETC. (IMPRINT)
Place of publication, distribution, etc. Madrid :
Name of publisher, distributor, etc. Libros Disney D.L.,
Date of publication, distribution, etc. 2011
300 ## - PHYSICAL DESCRIPTION
Dimensions 19 cm
710 ## - ADDED ENTRY--CORPORATE NAME
Corporate name or jurisdiction name as entry element Disney
942 ## - ADDED ENTRY ELEMENTS (KOHA)
Koha item type Libro/Book
Holdings
Withdrawn status Lost status Damaged status Not for loan Home library Current library Date acquired Inventory number Total Checkouts Total Renewals Full call number Barcode Date last seen Date checked out Price effective from Koha item type
        San Juan Del Sur -- Biblioteca San Juan Del Sur -- Mobile 18/04/2014 Inventory date: 10-2-25 16 2 JF TIM 30001620 20/11/2024 16/10/2024 18/04/2014 Libro/Book

Powered by Koha